Countries Participating in the 2023 Rubik's Cube World Championship - Statistics

General Stats
  • This quiz has been taken 23 times
  • The average score is 46 of 63
Answer Stats
Competitors Country % Correct
189 China
100%
121 United States
100%
26 France
95%
20 Russia
95%
3 Brazil
91%
17 Canada
91%
27 Germany
91%
14 India
91%
6 Italy
91%
73 Japan
91%
1 Austria
86%
6 New Zealand
86%
1 Portugal
86%
405 South Korea
86%
10 Spain
86%
7 Sweden
86%
20 United Kingdom
86%
6 Argentina
82%
54 Australia
82%
2 Belgium
82%
6 Finland
82%
1 Greece
82%
15 Indonesia
82%
2 Mexico
82%
8 Norway
82%
6 South Africa
82%
12 Switzerland
82%
1 Ukraine
82%
5 Vietnam
82%
2 Chile
77%
12 Netherlands
77%
1 Romania
77%
1 Bulgaria
73%
5 Denmark
73%
2 Estonia
73%
1 Ireland
73%
3 Peru
73%
18 Philippines
73%
32 Poland
73%
1 Saudi Arabia
73%
16 Thailand
73%
1 Turkey
73%
1 Hungary
68%
16 Malaysia
68%
1 Pakistan
68%
48 Taiwan
68%
18 Kazakhstan
64%
16 Singapore
64%
6 Colombia
59%
1 Luxembourg
59%
2 Bangladesh
55%
9 Israel
50%
47 Mongolia
50%
1 Uruguay
50%
1 Bolivia
45%
3 Cyprus
45%
48 Hong Kong
45%
1 Armenia
41%
1 Bosnia & Herzegovina
41%
1 Kyrgyzstan
41%
1 Oman
36%
1 Kosovo
27%
11 Kuwait
23%
No matching quizzes found
Score Distribution
Percent of People with Each Score
Percentile by Number Answered
Your Score History
You have not taken this quiz